| 000 | 00664cam a22002292 4500 | ||
|---|---|---|---|
| 001 | 29983 | ||
| 003 | BD-RjUL | ||
| 005 | 20211209051507.0 | ||
| 008 | 140408s1914 enk 000 0 eng d | ||
| 035 | _a(BD-RjUL)30068 | ||
| 040 |
_aDLC _cDLC _dDLC _dBD-RjUL _beng |
||
| 041 | _aeng | ||
| 082 |
_a220.6 _bBEW 1914 |
||
| 100 | 1 |
_aBenson, Arthur Christopher, _d1862-1925. _955717 |
|
| 245 | 1 | 0 |
_aWhere no fear was : _ba book about fear / _cby Arthur Christopher Benson. |
| 260 |
_aLondon : _bSmith, Elder & co., _c1914. |
||
| 300 |
_av, [1], 239, [1] p. ; _c21 cm. |
||
| 650 | 0 |
_aFear. _991227 |
|
| 942 |
_2ddc _cBK |
||
| 999 |
_c29983 _d29983 |
||